书目信息 |
| 题名: |
现代商学理论与营销管理
|
|
| 作者: | 吕庆华 著 | |
| 分册: | ||
| 出版信息: | 北京 华龄出版社 2006.11 |
|
| 页数: | 274页 | |
| 开本: | 21cm | |
| 丛书名: | 当代学者人文论丛 | |
| 单 册: | ||
| 中图分类: | F710 , F274 | |
| 科图分类: | ||
| 主题词: | 企业管理--qi ye guan li--市场营销学--研究 , 商业经济学--shang ye jing ji xue--研究 | |
| 电子资源: | ||
| ISBN: | 7-80178-358-1 | |
| 000 | 01080nam 2200289 450 | |
| 001 | 012008749093 | |
| 005 | 20080315093955.04 | |
| 010 | @a7-80178-358-1@dCNY25.00 | |
| 100 | @a20080315d2006 km y0chiy0120 ea | |
| 101 | 0 | @achi |
| 102 | @aCN@b110000 | |
| 105 | @ay z 000yy | |
| 106 | @ar | |
| 200 | 1 | @a现代商学理论与营销管理@Axian dai shang xue li lun yu ying xiao guan li@f吕庆华著@Flu qing hua zhu |
| 210 | @a北京@c华龄出版社@d2006.11 | |
| 215 | @a274页@d21cm | |
| 225 | 2 | @a当代学者人文论丛@Adang dai xue zhe ren wen lun cong |
| 300 | @a福建省高校人文社会科学研究基地(华侨大学东方企业管理研究中心)基金资助 | |
| 330 | @a本书涉及的专门论题包括:商业基本理论,零售商业发展及营运,信用交易、商业秘密及商誉,顾客价值理论及其关系营销实践,无店铺销售及直效营销等。 | |
| 410 | 0 | @12001 @a当代学者人文论丛 |
| 606 | 0 | @a企业管理@Aqi ye guan li@x市场营销学@x研究 |
| 606 | 0 | @a商业经济学@Ashang ye jing ji xue@x研究 |
| 690 | @aF710@v4 | |
| 690 | @aF274@v4 | |
| 701 | 0 | @a吕庆华@Alu qing hua@4著 |
| 801 | 0 | @aCN@bQSSK@c20080315 |
| 905 | @b20283429-31@dF710@eL893@f3 | |
| 现代商学理论与营销管理/吕庆华著.-北京:华龄出版社,2006.11 |
| 274页;21cm.-(当代学者人文论丛) |
| 福建省高校人文社会科学研究基地(华侨大学东方企业管理研究中心)基金资助 |
| ISBN 7-80178-358-1:CNY25.00 |
| 本书涉及的专门论题包括:商业基本理论,零售商业发展及营运,信用交易、商业秘密及商誉,顾客价值理论及其关系营销实践,无店铺销售及直效营销等。 |
| ● |
| 相关链接 |
|
|
|
正题名:现代商学理论与营销管理
索取号:F710/L893
 
预约/预借
| 序号 | 登录号 | 条形码 | 馆藏地/架位号 | 状态 | 备注 |
| 1 | 283429 | 202834291 | 社科库409/409社科库 40排5列1层/ [索取号:F710/L893] | 在馆 | |
| 2 | 283430 | 202834308 | 社科库409/409社科库 40排5列1层/ [索取号:F710/L893] | 在馆 | |
| 3 | 283431 | 202834317 | 社科库409/409社科库 40排5列1层/ [索取号:F710/L893] | 在馆 |